| 000 | 01003nam0a22002651 4500 | ||
|---|---|---|---|
| 001 | rc\103293 | ||
| 005 | 20021216133259.0 | ||
| 010 |
_a5-86911-058-0 _9200 |
||
| 035 | _a(NLR Aleph) 005365842 | ||
| 090 |
_a6947382 _c6947382 |
||
| 100 | _a20021216d1995 u |0rusy50 ca | ||
| 101 | 0 | _arus | |
| 102 | _aRU | ||
| 105 | _ay ||||||||| | ||
| 200 | 1 |
_aОбъектно-ориентированное программирование _eУчеб. пособие _fГос. ком. Рос. Федерации по высш. образованию. Уфим. гос. авиац. техн. ун-т |
|
| 210 |
_aУфа _cУфим. гос. авиац. техн. ун-т _d1995 |
||
| 215 |
_a56 с. _d20 |
||
| 320 | _aБиблиогр.: с. 56 | ||
| 700 | 1 |
_aЛебедев _bВ. А. _gВалерий Александрович |
|
| 701 | 1 |
_aНоготков _bА. О. _gАлексей Олегович |
|
| 801 | 0 |
_aRU _bNLR _gpsbo |
|
| 801 | 1 |
_aRU _bELAR _2rusmarc |
|
| 852 |
_aNLR _j96-4/14868 |
||
| 942 | _cBOOK | ||
| 980 | _aNB | ||